000 01529cam a2200277 i 4500
001 16126
003 DO-SdUEMH
005 20260107170030.0
007 ta
008 211105s2007 dr a|||gr|||| 000 0 spa|d
040 _aDO-SdUEMH
_bspa
_erda
041 _aspa
082 1 4 _aRD304.6 R426E
_bR426e
_mRD
084 _b10-00401
110 _aRepública Dominicana : Consejo Presidencial del SIDA
245 1 0 _aEncuesta demográfica y de salud República Dominicana 2007 /
260 _c2007
264 0 1 _aSanto Domingo, República Dominicana :
_bCentro de Estudios Sociales y Demográficos (CESDEM),
_c2007
300 _axxxv, 546 páginas :
_bIlustraciones ;
_c28 cm
336 _2rdacontent
_atexto
_btxt
337 _2rdamedia
_asin mediación
_bn
338 _2rdacarrier
_avolumen
_bnc
505 2 _aIntroducción -- Características de los hogares y de la población -- Características de las personas entrevistadas -- Fecundidad -- Planificación familiar -- Otros determinantes próximos de la fecundidad -- Referencias de fecundidad -- Mortalidad infantil, en la niñez y materna -- Salud reproductiva -- Salud infantil -- Lactancia y nutrición de los niños y las niñas -- Conocimiento, actitudes y comportamiento en relación al VIH/SIDA y otras infecciones de transmisión sexual -- Prevalencia del VIH -- Empoderamiento de la mujer y resultados demográficos y de salud -- Violencia contra la mujer -- Movilidad, utilización de servicios y gastos en salud -- Referencias.
942 _2ddc
_cBK
_n0
999 _c16126
_d16126